000 03412cam a22004217i 4500
001 17956404
003 ARRUPE
005 20151218091802.0
008 131127s2013 enk b 001 0 eng d
010 _a 2013474158
015 _aGBB293111
_2bnb
016 7 _a016171830
_2Uk
020 _a9780198744405
035 _a(OCoLC)ocn796758453
040 _aBTCTA
_beng
_cBTCTA
_dUKMGB
_dKIJ
_dYDXCP
_dYNK
_dU3G
_dOCLCO
_dGUA
_dOCLCO
_dBWX
_dOUN
_dZCU
_dLGG
_dERASA
_dNLGGC
_dLNT
_dOCLCQ
_dDLC
042 _alccopycat
050 0 0 _aBJ71
_b.O94 2013
082 0 4 _a170.9
_223
084 _a08.38
_2bcl
245 0 4 _aThe Oxford handbook of the history of ethics /
_cedited by Roger Crisp.
246 1 0 _aHistory of ethics
250 _aFirst edition.
260 _aOxford :
_bOxford University Press,
_c2013.
300 _axvi, 897 pages ;
_c26 cm.
490 1 _a[Oxford handbooks]
504 _aIncludes bibliographical references and index.
505 0 _aHomeric ethics / Roger Crisp -- Plato's ethics / Nicholas White -- Aristotle's ethics / Paula Gottlieb -- Epicurus : freedom, death, and hedonism / Phillip Mitsis -- Cynicism and stoicism / Christopher Gill -- Ancient scepticism / Richard Bett -- Platonic ethics in later antiquity / Lloyd P. Gerson -- Thomism / Colleen McCluskey -- The Franciscans / Thomas Williams -- Later Christian ethics / T.H. Irwin -- Nature, law, and natural law / T.H. Irwin -- Seventeenth-century moral philosophy : self-help, self-knowledge, and the Devil's Mountain / Aaron Garrett -- Rousseau and ethics / Christopher Bertram -- Utilitarianism : Bentham and Rashdall / Robert Shaver -- Rationalism / Maria Rosa Antognazza -- Rational intuitionism / Philip Stratton-Lake -- Moral sense and sentimentalism / Julia Driver -- Butler's ethics / David McNaughton -- Hume's place in the history of ethics / Annette Baier -- Adam Smith / James Otteson -- Kant's moral philosophy / Andrews Reath -- Kantian ethics / Otfried Höffe -- Post-Kantianism / Raymond Geuss -- Hegel and Marx / Terry Pinkard -- J.S. Mill / Henry R. West -- Sidgwick / Bart Schultz -- British idealist ethics / W.J. Mander -- Ethics in the analytic tradition / John Deigh -- Free will / Derk Pereboom -- Emotion and the emotions / Susan Sauvé Meyer and Adrienne M. Martin -- Happiness, suffering, and death / Richard Kraut -- Autonomy / John Christman -- Egoism, partiality, and impartiality / Brad Hooker -- Conscience, guilt, and shame / John Cottingham -- Moral psychology and virtue / Nancy Sherman -- Justice, equality, and rights / John Tasioulas -- Styles of moral relativism : a critical family tree / Miranda Fricker -- Moral metaphysics / Daniel Star -- Constructing practical ethics / Dale Jamieson.
650 0 _aEthics
_xHistory.
_912012
700 1 _aCrisp, Roger,
_d1961-
_eeditor of compilation.
_921405
776 0 _tOxford handbook of the history of ethics
_w(NL-LeOCL)35625061X
830 0 _aOxford handbooks.
_921406
856 4 2 _3Contributor biographical information
_uhttp://www.loc.gov/catdir/enhancements/fy1404/2013474158-b.html
856 4 2 _3Publisher description
_uhttp://www.loc.gov/catdir/enhancements/fy1404/2013474158-d.html
856 4 1 _3Table of contents only
_uhttp://www.loc.gov/catdir/enhancements/fy1404/2013474158-t.html
906 _a7
_bcbc
_ccopycat
_d2
_encip
_f20
_gy-gencatlg
942 _2lcc
_cMONOGRAPH
999 _c123908
_d123908